04401nam a22005537a 4500003000900000005001700009008004100026020001900067040002800086041000800114044000700122245011700129260005600246300002200302505001100324505002700335505004300362505005200405505001800457505005300475505001200528505009500540505008200635505007800717505018200795505011700977505013601094505011701230505001601347505002701363505006801390505005701458505005301515505005801568505006001626505004901686505006701735505002101802505008801823505006701911505001101978505003101989520171002020650001403730700002303744700002603767700002903793700002503822AR-RoUNA20260519093425.0260518b |||||||| |||| 00| 0 spa d a978-1638402022 aAR-RoUNAbspadAR-RoUNA aeng aag10aFuture or eclipse of criticism c/ editoras Lina Malfona, Lucía Giorgetti, Cecilia Marcheschi y Elisa Barsanti aNueva York,aBarcelona :bActar Publishers, c2025. a259 p.:c17x13 cm0 tINDICE0 tDISCURSO DE APERTURA 0 aMargherita Guccione, MAXXI Roma. p. 120 aLuca Lanini, Universidad de Pisa, italia. p. 160 tINTRODUCCION 0 aLina Malfona, Universidad de Pisa, Italia. p. 200 tENSAYOS0 aMarco Biraghi (Arquitecto ,Politécnico de Milán) / El destino de la crítica. p. 40 0 a Franco Purini (Universidad Sapienza de Roma) / Un regalo insuperable. p. 47 0 aCynthia Davidson (Editora de la Revista LOG) / En estado crítico. p. 520 aJoseph Bedford / Sobre el valor de la crítica en la enseñanza de la arquitectura: el jurado abierto y la promesa democrática liberal de la pedagogía de posguerra. p.64 0 aAlberna Yaneva (Politécnico de Torino) / Poniendo las cosas en órbita: El nuevo estilo de crítica. p. 89 0 aLorenzo Ciccarelli / (Universidad Politécnica de Florencia) / El pensamiento crítico y la arquitectura como mercancía. p. 1110 aStan Allen (Universidad de Princeton) / ¿Un debate inconcluso? Revisitando lo crítico y lo proyectivo. p. 1180 tENTREVISTAS0 aNina Bassolli. p. 136 0 a Giovanna Borasi, Centro de Arquitectura Canadiense. p. 148 0 a Pippo Ciorra, Universidad de Camerino. p. 154 0 a Fulvio Irace, Politécnico de Milán. p. 167 0 aHelene Janniere, Universidad de Rennes 2. p. 181 0 aPierluigi Nicolin, Director de la Revista Lotus. p. 1910 aCarlo Olmo, Politécnico de Milán. p. 2010 aTeresa Stoppani, Universidad de las Artes de Norwich. p. 214 0 tNOTAS DEL EDITOR0 aElisa Barsanti, Ceciia Marcheschi (Universidad de Pisa) / Ecos críticos. p. 226 0 aLucia Giorgetti (Universidad de Pisa) / Bibliografía. p. 2380 tINDICE0 aListado de nombres. p. 254 a¿Ha desaparecido definitivamente la crítica arquitectónica o se ha adaptado a las presiones, exigencias y modas actuales? Su desaparición puede deberse a la fibrilación o la astenia, a un juicio, condena y crítica excesivamente severos, o, por el contrario, a una resignada aceptación de la realidad. Pero, ¿debería considerarse lamentable el ocaso de la crítica actual? ¿No podría su ausencia ser aclamada como una nueva etapa de rigor y objetividad? El objetivo tanto del ciclo de conferencias «El futuro o el ocaso de la crítica», presentado en el Museo MAXXI de Roma, como del simposio homónimo celebrado en la Escuela de Ingeniería de la Universidad de Pisa, fue identificar aquellas figuras, exposiciones, proyectos editoriales y construcciones paradigmáticas que han apoyado o guiado enfoques críticos específicos. Pero antes de cuestionar el futuro de la crítica, los participantes se preguntaron si esta aún podría desempeñar un papel en la sociedad y, en caso afirmativo, de qué manera. De hecho, en un panorama cultural atrapado entre la horizontalidad de las redes sociales y la verticalidad de poderosas instituciones culturales, centros de investigación, think tanks, museos y bienales, la figura heroica del crítico ha sido reemplazada por la más atractiva del periodista y curador de arquitectura.  Con contribuciones de Stan Allen, Nina Bassoli, Joseph Bedford, Marco Biraghi, Giovanna Borasi, Lorenzo Ciccarelli, Cynthia Davidson, Fulvio Irace, Lucia Giorgetti, Hélène Jannière, Lina Malfona, Pierluigi Nicolin, Franco Purini, Carlo Olmo, Albena Yaneva, Teresa Stoppani, Lucia Giorgetti, Cecilia Marcheschi y Elisa Barsanti  4aUrbanismo1 aMalfona, Linaeedt1 aGiorgetti, Luciaeedt1 aMarcheschi, Ceciliaeedt1 aBarsanti, Elisaeedt